Rereading cultural anthropology
Αποθηκεύτηκε σε:
| Άλλοι συγγραφείς: | |
|---|---|
| Μορφή: | Βιβλίο |
| Γλώσσα: | English |
| Δημοσίευση: |
Durham and London :
Duke University Press,
1992
|
| Θέματα: | |
| Ετικέτες: |
Προσθήκη ετικέτας
Δεν υπάρχουν, Καταχωρήστε ετικέτα πρώτοι!
|
MARC
| LEADER | 00000nam a2200000 i 4500 | ||
|---|---|---|---|
| 001 | 1/92681 | ||
| 008 | 940301s1992 eng d | ||
| 020 | |a 0-8223-1297-2 | ||
| 035 | |l 10008559 | ||
| 040 | |a GR-MY-UA |b gre |e aacr | ||
| 041 | 0 | |a eng | |
| 082 | 0 | |a 306 | |
| 245 | 1 | 0 | |a Rereading cultural anthropology / |c Edited by George E. Marcus |
| 260 | |a Durham and London : |b Duke University Press, |c 1992 | ||
| 300 | |a 403 p. |b fig. | ||
| 504 | |a Includes bibliographical references and index | ||
| 650 | 0 | 0 | |a Ethnology. |
| 700 | 1 | |a Marcus, George E. |4 edt | |
| 852 | |a INST |b LESVOS |e 19940301 |h 306 RER |p 005100009986 |q 005100009986 |t BK |y 0 | ||
| 909 | |a Λ |b 033286 | ||